00703nam a2200229 a 450000100100000000500170001000800410002702000150006804000250008304100390010808200180014710000230016524000490018824500580023726000370029530000210033249000100035353400610036365000140042465000250043883000100046300002284920240501133509.0101119s1973 sp 000 0 spa d a847156100x aDO-SdBNPbspacBNPHU17aspaheng2Código de idiomas MARC a335.43bP484r1 aPetersen, William. 0aThe realities of world communism.lEspañol10aRealidades del comunismo mundial /cWilliam Petersen. aMadrid :bMediterráneo,c1973. a188 p. ;c19 cm.1 aEdime aTítulo en inglés :tThe realities of world communism 4aComunismo 0aEconomía marxista  0aEdime